000 00441pab a2200169 454500
008 180718b2004 xxu||||| |||| 00| 0 eng d
100 _aFrost, Peter J.
245 _aHandling toxic emotions: new challenges for leaders and their organization
260 _c2004
300 _ap.111-27.
362 _aMay
650 _aOrganizations
650 _aLeadership
650 _aManagers
773 _aOrganizational Dynamics
909 _a62100
999 _c62100
_d62100